| 000 | 01063nam a2200277Ia 4500 | ||
|---|---|---|---|
| 003 | OSt | ||
| 005 | 20220923211606.0 | ||
| 006 | a|||||r|||| 00| 0 | ||
| 007 | ta | ||
| 008 | 220922b |||||||| |||| 00| 0 san d | ||
| 020 |
_a9789387980143 (hbk) _c900 |
||
| 024 | _a348,225 | ||
| 037 |
_b257, 29/01/2019, Eastern Book Linkers _cTextual |
||
| 040 |
_aARTS _cARTS _bsan |
||
| 041 |
_2san _asan |
||
| 082 | _aR65,6, 152Q9 | ||
| 100 | _aअग्रवाल, अशोक, ले. | ||
| 245 | 0 |
_aदिव्य भगवद्गीता _b आत्मा से परमात्मा तक |
|
| 246 | _aDivya bhagavadgītā: ātmā se paramātmā taka | ||
| 260 |
_aनई दिल्ली _b प्रतिभा प्रतिष्ठान _c2019 |
||
| 300 |
_a488पृ0 _ccm. |
||
| 650 | _a भगवत् गीता | ||
| 650 | _aभारतीय दर्शन | ||
| 942 |
_hR65,6, 152Q9 _cTEXL _2CC |
||
| 999 |
_c301140 _d301140 |
||